000 00854nam a22002297a 4500
999 _c371083
_d371083
008 201127b ||||| |||| 00| 0 eng d
040 _aDE-2950
_bger
_cDE-2950
_erda
041 _ager
100 _aWeyer, Eva-Martina:
245 _aEine Landmaus als Manager.
_bBühne: Das Schwedter Theater holt mit "Die Bremer Stadtmusikanten" das Weihnachtsmärchen von 2020 nach. Uraufführung ist in Frankfurt (Oder)./
_cEva-Martina Weyer
264 _c2021
653 _aFrankfurt (Oder)
653 _aSchwedt/Oder
653 _aTheater
653 _aDie Bremer Stadtmusikanten
653 _aUraufführung
773 _dFrankfurt (Oder) Märkisches Verlags- und Druckhaus GmbH & Co KG
_tMärkische Oderzeitung
_g32. Jahrgang (2021) Nr. 257 vom 03.11.2021, S. 20
942 _cA